书目信息 |
| 题名: |
地理学实践教程
|
|
| 作者: | 肖玲 主编 | |
| 分册: | ||
| 出版信息: | 北京 科学出版社 2009.08 |
|
| 页数: | 281页 | |
| 开本: | 24cm | |
| 丛书名: | ||
| 单 册: | ||
| 中图分类: | K90 | |
| 科图分类: | ||
| 主题词: | 地理学--高等学校--教材 , 地理学 | |
| 电子资源: | ||
| ISBN: | 978-7-03-022071-4 | |
| 000 | 00847nam0 2200253 450 | |
| 001 | 010800015706 | |
| 005 | 20091208152753.87 | |
| 010 | @a978-7-03-022071-4@dCNY30.00 | |
| 100 | @a20090909d2009 em y0chiy0110 ea | |
| 101 | 0 | @achi |
| 102 | @aCN@b110000 | |
| 105 | @aak z 000yy | |
| 106 | @ar | |
| 200 | 1 | @a地理学实践教程@9di li xue shi jian jiao cheng@f肖玲主编 |
| 210 | @a北京@c科学出版社@d2009.08 | |
| 215 | @a281页@c图@d24cm | |
| 300 | @a21世纪高等院校教材 | |
| 330 | @a本书主要内容有地球概论,测量学基础,地图学,地质学,地貌学,气象学与气候学,水文学,植物地理学,土壤地理学,经济地理学,区域地理,城市规划,城市规划Auto-CAD,计算机辅助制图。 | |
| 606 | 0 | @a地理学@x高等学校@j教材 |
| 606 | 0 | @a地理学 |
| 690 | @aK90@v4 | |
| 701 | 0 | @a肖玲@9xiao ling@4主编 |
| 801 | 0 | @aCN@bRENTIAN@c20091208 |
| 905 | @b20795871-75@dK90@e179@f5 | |
| 地理学实践教程/肖玲主编.-北京:科学出版社,2009.08 |
| 281页:图;24cm |
| 21世纪高等院校教材 |
| ISBN 978-7-03-022071-4:CNY30.00 |
| 本书主要内容有地球概论,测量学基础,地图学,地质学,地貌学,气象学与气候学,水文学,植物地理学,土壤地理学,经济地理学,区域地理,城市规划,城市规划Auto-CAD,计算机辅助制图。 |
| ● |
| 相关链接 |
|
|
|
|
正题名:地理学实践教程
索取号:K90/179
 
预约/预借
| 序号 | 登录号 | 条形码 | 馆藏地/架位号 | 状态 | 备注 |
| 1 | 795871 | 207958717 | 第二样本阅览室/ [索取号:K90/179] | 在馆 | |
| 2 | 795872 | 207958726 | 第二借阅区/ [索取号:K90/179] | 在馆 | |
| 3 | 795873 | 207958735 | 第二借阅区/ [索取号:K90/179] | 在馆 | |
| 4 | 795874 | 207958744 | 第二借阅区/ [索取号:K90/179] | 在馆 | |
| 5 | 795875 | 207958753 | 密集书库-资源管理系/ [索取号:K90/179] | 在馆 |